Les cartes Pokémon TURBO - Statistiques

Statistiques générales
  • Ce quiz a été pris 12 fois
  • Le résultat moyen est 12 sur 35
Statistiques - réponses
Hint Réponse % Correct
Amphinobi
78%
Impulsion Turbo Blindépique
67%
Bruyverne
67%
Impact Des Destins Goupelin
67%
Raichu
67%
Yveltal
67%
Desséliande
56%
Lugia
56%
Xerneas
56%
Rupture Turbo Akwakwak
44%
Évolutions Feunard
44%
Ho-Oh
44%
Mackogneur
44%
Arcanin
33%
Flambusard
33%
Luxray
33%
Némélios
33%
Nidoking
33%
Staross
33%
Florges
22%
Neitram
22%
Ossatueur
22%
Rattatac
22%
Strassie
22%
Amonistar
11%
Archéodong
11%
Gamblast
11%
Noarfang
11%
Nostenfer
11%
Promos XY Pingoléon
11%
Qulbutoke
11%
Vaututrice
11%
Offensive Vapeur Yanmega
11%
Zoroark
11%
Trioxhydre
0%
Aucun quiz correspondant
Distribution des résultats
% des personnes avec chaque résultat
Percentile par nombre de réponses
Votre historique - résultats
Vous n’avez pas pris ce quiz